All Marvel Games - Statistics

General Stats
  • This quiz has been taken 15 times
  • The average score is 61 of 165
Answer Stats
Year Game % Correct
2011 Captain America: Sentinel of Liberty
100%
2011 Captain America: Super Soldier
100%
2018 Marvel Battle Lines
100%
2018 Marvel's Spider-Man
100%
1982 | 1995 | 2000 | 2002 Spider-Man
100%
2007 Spider-Man: Friend Or Foe
100%
2001 Spider-Man: Mysterio's Menace
100%
1991 Spider-Man: The Video Game
100%
1990 | 2012 The Amazing Spider-Man
100%
1990 The Amazing Spider-Man (handheld)
100%
1995 Venom/Spider-Man: Separation Anxiety
100%
1992 | 1993 | 1994 X-Men
100%
2006 X-Men The Official Game
100%
2013 Deadpool
91%
2017 Guardians of the Galaxy: The Telltale Series
91%
2014 Guardians of the Galaxy: The Universal Weapon
91%
2003 Hulk
91%
2008 Iron Man
91%
2021 Marvel's Guardians of the Galaxy
91%
1994 | 2003 | 2008 The Incredible Hulk
91%
TBA Untitled Iron Man game
91%
2005 Fantastic Four
82%
2005 Fantastic Four: Flame On
82%
2025 Marvel 1943: Rise of Hydra
82%
2012 Marvel Avengers: Battle for Earth
82%
2020 Marvel's Avengers
82%
2011 Thor: God of Thunder
82%
2011 Thor: Son of Asgard
82%
2000 | 2002 Blade
73%
2024 Marvel Rivals
73%
TBA Marvel's Blade
73%
2023 Marvel's Spider-Man 2
73%
TBA Marvel's Wolverine
73%
2004 Spider-Man 2
73%
2001 Spider-Man 2: Enter Electro
73%
2001 Spider-Man 2: The Sinister Six
73%
2007 Spider-Man 3
73%
1991 Wolverine
73%
1997 Fantastic Four
64%
TBA Untitled Black Panther game
64%
2003 Daredevil
55%
2013 Lego Marvel Super Heroes
55%
2017 Lego Marvel Super Heroes 2
55%
2022 Marvel's Midnight Suns
55%
2022 Marvel Snap
55%
1998 Marvel vs. Capcom: Clash of Super Heroes
55%
1995 The Amazing Spider-Man: Lethal Foes
55%
1996 The Amazing Spider-Man: Web of Fire
55%
2009 X-Men Origins Wolverine
55%
2010 Iron Man 2
45%
2015 Marvel Future Fight
45%
2018 Marvel Strike Force
45%
2006 Marvel Ultimate Alliance
45%
2009 Marvel Ultimate Alliance 2
45%
1993 | 2005 The Punisher
45%
2013 Iron Man 3: The Official Game
36%
2016 Lego Marvel's Avengers
36%
2020 Marvel's Spider-Man: Miles Morales
36%
2019 Marvel Ultimate Alliance 3: The Black Order
36%
2010 Spider-Man: Shattered Dimensions
36%
2008 Spider-Man: Web of Shadows
36%
1992 | 2014 The Amazing Spider-Man 2
36%
1990 The Punisher (NES)
36%
2003 X2: Wolverine's Revenge
36%
2014 Captain America: The Winter Soldier – The Official Game
27%
2005 Elektra
27%
2014 Marvel Contest Of Champions
27%
1995 Marvel Super Heroes
27%
2000 Marvel vs. Capcom 2: New Age of Heroes
27%
2011 Marvel vs. Capcom 3: Fate of Two Worlds
27%
2011 Spider-Man: Edge of Time
27%
2005 The Incredible Hulk: Ultimate Destruction
27%
2011 Ultimate Marvel vs. Capcom 3
27%
2007 Ghost Rider
18%
1886 Howard The Duck
18%
2009 Marvel Super Hero Squad
18%
2017 Marvel vs. Capcom: Infinite
18%
1990 Silver Surfer
18%
1990 The Punisher (computer game)
18%
2013 Thor The Dark World: The Official Game
18%
2005 Ultimate Spider-Man
18%
2010 Ultimate Spider-Man: Total Mayhem
18%
2011 X-Men: Destiny
18%
2004 X-Men Legends
18%
1996 X-Men Vs. Street Fighter
18%
2004 Blade Trinity
9%
2007 Fantastic Four: Rise of the Silver Surfer
9%
TBA Marvel Mystic Mayhem
9%
2010 Marvel Pinball
9%
2013 Marvel Puzzle Quest
9%
2011 Marvel Super Hero Squad Online
9%
1996 Spider-Man The Sinister Six
9%
1993 The Amazing Spider-Man 3: Invasion of the Spider-Slayers
9%
2009 The Punisher: No Mercy
9%
1995 X-Men 2: Clone Wars
9%
1994 X-Men: Children of the Atom
9%
2005 X-Men Legends II: Rise of Apocalypse
9%
2019 Avengers: Damage Control
0%
1996 Avengers in Galactic Storm
0%
2012 Avengers Initiative
0%
1991 Captain America and the Avengers
0%
1987 Captain America in: The Doom Tube of Dr. Megalomann
0%
1996 Iron Man and X-O Manowar in Heavy Metal
0%
2012 Marvel Avengers Alliance
0%
2014 Marvel Disk Wars: The Avengers: Ultimate Heroes
0%
2020 Marvel Duel
0%
2018 Marvel End Time Arena
0%
2021 Marvel Future Revolution
0%
2013 Marvel Heroes
0%
2017 Marvel Heroes Omega
0%
2005 Marvel Nemesis: Rise of the Imperfects
0%
2020 Marvel Realm of Champions
0%
2010 Marvel Super Heroes 3D: Grandmaster's Challenge
0%
1996 Marvel Super Heroes in War of the Gems
0%
1997 Marvel Super Heroes vs. Street Fighter
0%
2011 Marvel Super Hero Squad: Comic Combat
0%
2010 Marvel Super Hero Squad: The Infinity Gauntlet
0%
2019 Marvel Super War
0%
2016 Marvel Tsum Tsum
0%
2024 Marvel vs. Capcom Fighting Collection: Arcade Classics
0%
2012 Marvel vs. Capcom Origins
0%
2012 Marvel: War of Heroes
0%
2012 Men In Black 3
0%
2002 Men in Black II: Alien Escape
0%
1997 Men In Black: The Game
0%
2001 Men in Black: The Series – Crashdown
0%
2012 MIB: Alien Crisis
0%
1992 Spider-Man and the X-Men in Arcade's Revenge
0%
1994 Spider-Man and Venom: Maximum Carnage
0%
2006 Spider-Man: Battle For New York
0%
1992 Spider-Man: Return of The Sinister Six
0%
2009 Spider-Man: Toxic City
0%
2014 Spider-Man Unlimited
0%
1991 Spider-Man Vs. The Kingpin
0%
1989 The Amazing Spider-Man and Captain America in Dr. Doom's Revenge!
0%
1997 The Incredible Hulk: The Pantheon Saga
0%
2002 The Invincible Iron Man
0%
1991 The Punisher: The Ultimate Payback!
0%
1989 Uncanny X-Men
0%
2014 Uncanny X-Men: Days of Future Past
0%
1994 Wolverine: Adamantium Rage
0%
2014 X-Men: Battle of the Atom
0%
1995 X-Men: Gamesmaster's Legacy
0%
1989 X-Men: Madness in Murderworld
0%
1996 X-Men Mojo World
0%
2000 X-Men Mutant Academy
0%
2001 X-Men: Mutant Academy 2
0%
1994 X-Men: Mutant Apocalypse
0%
2000 X-Men: Mutant Wars
0%
2002 X-Men: Next Generation
0%
2001 X-Men: Reign of Apocalypse
0%
1990 X-Men The Fall of the Mutants
0%
1997 X-Men: The Ravages of Apocalypse
0%
2001 X-Men: Wolverine's Rage
0%
No matching quizzes found
Score Distribution
Percent of People with Each Score
Percentile by Number Answered
Your Score History
You have not taken this quiz